Western Movies by Synonym - Statistics

General Stats
  • This quiz has been taken 31 times
  • The average score is 9 of 18
Answer Stats
Hint Answer % Correct
The Positive, The Negative and the Unattractive The Good, The Bad and The Ugly
100%
Elevated Midday High Noon
96%
A Knuckle's Worth of Bucks A Fistful of Dollars
71%
Crimson Stream Red River
71%
Snapped Spine Hill Brokeback Mountain
61%
The Majestic Septet The Magnificent Seven
61%
The Rapid and the Perished The Quick and the Dead
61%
The Seekers The Searchers
61%
For an Additional Amount of Bucks For a Few Dollars More
57%
The Grand Locomotive Theft The Great Train Robbery
50%
The Feral Crowd The Wild Bunch
46%
The Force of the Canine The Power of the Dog
39%
Actual Gravel True Grit
39%
Ashen Horseman Pale Rider
36%
Burning Howdahs Blazing Saddles
21%
24 Hours of Rage Day of Anger
21%
My Dear Mandarin My Darling Clementine
14%
Evade Municipality Dodge City
7%
No matching quizzes found
Score Distribution
Percent of People with Each Score
Percentile by Number Answered
Your Score History
You have not taken this quiz